Psychology of industrial behavior (Record no. 55236)

MARC details
000 -LEADER
fixed length control field 00635nam a2200193 a 4500
008 - FIXED-LENGTH DATA ELEMENTS--GENERAL INFORMATION
fixed length control field 120416s1972 ||||||||||||||||| || u
020 ## - INTERNATIONAL STANDARD BOOK NUMBER
International Standard Book Number 0070589003
050 ## - LIBRARY OF CONGRESS CALL NUMBER
Classification number HF 5548.8 Smi
100 ## - MAIN ENTRY--PERSONAL NAME
Personal name Smith, Henry Clay, 1913-
245 10 - TITLE STATEMENT
Title Psychology of industrial behavior
250 ## - EDITION STATEMENT
Edition statement 3rd ed.
260 ## - PUBLICATION, DISTRIBUTION, ETC.
Place of publication, distribution, etc. New York:
Name of publisher, distributor, etc. McGraw-Hill
Date of publication, distribution, etc. 1972
300 ## - PHYSICAL DESCRIPTION
Extent xxi, 397p.
350 ## - PRICE (NR) (BK AM CF MU VM SE) [OBSOLETE]
Price 0.00
500 ## - GENERAL NOTE
General note Bibliography
650 #0 - SUBJECT ADDED ENTRY--TOPICAL TERM
Topical term or geographic name entry element PSYCHOLOGY--INDUSTRIAL
700 ## - ADDED ENTRY--PERSONAL NAME
Personal name Wakeley, John H
995 ## - RECOMMENDATION 995 [LOCAL, UNIMARC FRANCE]
-- 0.00
-- CBU-MAIN LIBRARY (Kitwe)
-- 1
-- 21.50
-- AVAILABLE
-- Main Library Open Access Collection
Holdings
Withdrawn status Lost status Source of classification or shelving scheme Damaged status Not for loan Home library Current library Shelving location Date acquired Total Checkouts Full call number Barcode Date last seen Price effective from Koha item type
          CBU-MAIN LIBRARY, KITWE. CBU-MAIN LIBRARY, KITWE.   11/30/2022   HF 5548.8 Smi 005315 11/30/2022 11/30/2022 MONOGRAPH